000
00199 a2200097 4500
001
49521
100
_a
Bennett
245
_a
Old wives tales
260
_a
London
_b
J M Dent
_c
090
_c
32050
_d
32050
942
_a
NUST-CAE
_c
M
_c
24504
999
_c
284594
_d
284594